000 00881 a2200229 4500
001 47413
005 20260407155741.0
008 260407a1977 arg spa d
003 AR-UNSa-BCEJYS
040 _aAR-UNSa-BCEJYS
_bspa
_cAR-UNSa-BCEJYS
080 _a330
_xEconomía en general
245 1 0 _aTeoría económica heterodoxa
020 _a84-281-0329-5
264 1 _aBarcelona :
_bOikos-tau
_c1977
300 _a111 p.
_c19 cm.
505 _a1. El enfoque clásico - 2. Los valores trabajo - 3. Cálculo de los precios de producción - 4. La transformación de los valores en precios - 5. Distribución y acumulación.
942 _cBK
590 _aniveau_biblio:m niveau_hierar:0
100 1 _aJiménez Raneda, Ignacio
700 1 _aPérez García, Francisco
856 4 1 _uhttps://www.biblioeco.unsa.edu.ar/pmb/images/libros/L127494.jpg
_yImagen de portada
_qimage/jpeg
999 _c4352
_d4352